00583nam a22001817a 4500003000900000008004100009040007100050082002000121100001800141245002400159260005300183300004200236440002700278505002300305650001200328650002400340700003700364AR-CdUCM190401b ||||| |||| 00| 0 spa d aMUNICIPALIDAD PROVINCIAL DEL CUSCOcBIBLIOTECA MUNICIPAL DEL CUSCO aES / 800 /bD27 aDefoe, Daniel aRobinsón Crusoe / aBuenos Aires :bAcme Agency S. A. C. I. ;c1956. a277 páginas ;bIlustraciones c20cm aColección Robin Hood aContenido: Novela  aNovela  aLiteratura juvenil  aVacarezza, Julio (traducción)